00922nam a2200205Ia 4500952009600000999001700096008004100113050002100154100002900175245007000204260003800274300001800312490003200330505019900362519004300561650002500604651003600629651003900665942001200704 00104070a03b03d2001-05-15l0oHC135 L38 1980p03 003766r2012-07-20t1w2012-07-20yLB c80395d80395120720s1980 mx 000 0 spa d aHC135 bL38 1980 aLeal, Juan Felipeeautor aMéxicob : estado, burocracia y sindicatosc / Juan Felipe Leal aMéxicob : El Caballitoc, 1980 a146 páginas aColección fragua mexicana aEl estado y el bloque en el poder en México: 1867-1914 El estado mexicano: 1915-1973 El estado patrón y la burocracia política en México: 1915-1973 En torno al estado y los sindicatos  aMaterial Complementario /d(03 003766) 0aSINDICATOSzMÉXICO aMÉXICOxPOLÍTICA Y GOBIERNO aMÉXICOxCONDICIONES ECONÓMICAS 2lcccLB